Ride, Fly Guy, ride! / (Record no. 63)

MARC details
000 -LEADER
fixed length control field 00951nam a22002897a 4500
001 - CONTROL NUMBER
control field 63
003 - CONTROL NUMBER IDENTIFIER
control field FISKH
005 - DATE AND TIME OF LATEST TRANSACTION
control field 20240604102540.0
008 - FIXED-LENGTH DATA ELEMENTS--GENERAL INFORMATION
fixed length control field 230221b cb ||||| |||| 00| 0 eng d
010 ## - LIBRARY OF CONGRESS CONTROL NUMBER
LC control number 2011020179
020 ## - INTERNATIONAL STANDARD BOOK NUMBER
International Standard Book Number 9780545222761
040 ## - CATALOGING SOURCE
Original cataloging agency DLC
Transcribing agency DLC
Modifying agency DLC
042 ## - AUTHENTICATION CODE
Authentication code lcac
-- pcc
050 00 - LIBRARY OF CONGRESS CALL NUMBER
Classification number PZ7.A7379
Item number Rid 2012
082 00 - DEWEY DECIMAL CLASSIFICATION NUMBER
Classification number 813.6
Edition number 23
100 1# - MAIN ENTRY--PERSONAL NAME
Personal name Arnold, Tedd.
245 10 - TITLE STATEMENT
Title Ride, Fly Guy, ride! /
Statement of responsibility, etc. Tedd Arnold
260 ## - PUBLICATION, DISTRIBUTION, ETC.
Place of publication, distribution, etc. New York :
Name of publisher, distributor, etc. Scholastic,
Date of publication, distribution, etc. 2012
300 ## - PHYSICAL DESCRIPTION
Extent 30 pages :
Other physical details color illustrations ;
Dimensions 23 cm.
520 ## - SUMMARY, ETC.
Summary, etc. While riding in the car with Buzz and his father, Fly Guy gets blown out of the window and finds himself riding in a truck, then a boat, a train, an airplane, and maybe even a rocket.
521 8# - TARGET AUDIENCE NOTE
Target audience note 470<br/>
Source Lexile<br/>
521 8# - TARGET AUDIENCE NOTE
Target audience note H <br/>
Source Raz-Plus <br/>
650 #1 - SUBJECT ADDED ENTRY--TOPICAL TERM
Topical term or geographic name entry element Flies
Form subdivision Fiction.
650 #1 - SUBJECT ADDED ENTRY--TOPICAL TERM
Topical term or geographic name entry element Transportation
Form subdivision Fiction.
906 ## - LOCAL DATA ELEMENT F, LDF (RLIN)
a 7
b cbc
c orignew
d 1
e ecip
f 20
g y-gencatlg
942 ## - ADDED ENTRY ELEMENTS (KOHA)
Source of classification or shelving scheme Dewey Decimal Classification
Koha item type Books
Suppress in OPAC No
Holdings
Withdrawn status Lost status Source of classification or shelving scheme Damaged status Not for loan Collection Home library Current library Shelving location Date acquired Total Checkouts Full call number Barcode Date last seen Date last checked out Copy number Price effective from Koha item type
    Dewey Decimal Classification     Juvenile Fiction Footprints International School Library Network Toul Kork Campus Footprints International School Library Network Toul Kork Campus   02/21/2023 20 ARN 813.6 PZ7.A7379 FISBK00377 12/04/2025 11/27/2025 1 02/21/2023 Books
    Dewey Decimal Classification     Juvenile Fiction Footprints International School Library Network Toul Kork Campus Footprints International School Library Network Toul Kork Campus   02/21/2023 9 ARN 813.6 PZ7.A7379 FISTKG1A065 04/02/2026 03/26/2026 2 02/21/2023 Books